同じひらがなが4つ以上含む駅名 - Statistics

General Stats
  • This quiz has been taken 46 times
  • The average score is 4 of 14
Answer Stats
文字 頭文字 都道府県 Answer 読み % Correct
「ん」×4 和歌山県 林間田園都市 り「ん」か「ん」で「ん」え「ん」とし
56%
「う」×5 兵庫県 総合運動公園 そ「う」ご「う」「う」んど「う」こ「う」えん
46%
「ん」×4 京都府 嵐電天神川 ら「ん」で「ん」て「ん」じ「ん」がわ
46%
「お」×4 鹿児島県 大隅大川原 「お」「お」すみ「お」「お」かわら
41%
「う」×4 兵庫県 ウッディタウン中央 「う」っでぃた「う」んちゅ「う」お「う」
37%
「う」×5 静岡県 県総合運動場 けんそ「う」ご「う」「う」んど「う」じょ「う」
34%
「い」×4 東京都 中央大学・明星大学 ちゅうおうだ「い」がくめ「い」せ「い」だ「い」がく
27%
「う」×4 岡山県 西大寺町・岡山芸術創造劇場ハレノワ前 さいだいじちょ「う」おかやまげいじゅつそ「う」ぞ「う」げきじょ「う」はれのわまえ
24%
「う」×4 熊本県 商業高校前 しょ「う」ぎょ「う」こ「う」こ「う」まえ
22%
「う」×4 栃木県 平石中央小学校前 ひらいしちゅ「う」お「う」しょ「う」がっこ「う」まえ
20%
「う」×5 広島県 修大協創中高前 しゅ「う」だいきょ「う」そ「う」ちゅ「う」こ「う」まえ
17%
「ん」×4 青森県 青函トンネル記念館 せいか「ん」と「ん」ねるきね「ん」か「ん」
17%
「う」×4 鹿児島県 甲東中学校前 こ「う」と「う」ちゅ「う」がっこ「う」まえ
12%
「い」×4 富山県 第一イン新湊 クロスベイ前 だ「い」「い」ち「い」んしんみなとくろすべ「い」まえ
12%
No matching quizzes found
Score Distribution
Percent of People with Each Score
Percentile by Number Answered
Your Score History
You have not taken this quiz